Score 0/21 Timer 02:00
0 Plays Today
HINT 4-LETTER WORD % Correct
Taste a lollipopLICK
97.9%
▼ ____ TO THE FUTURE ▼▼ BACK ▼
97.7%
▼ ____ MAN WALKING ▼▼ DEAD ▼
95.1%
▼ I GET A ____ OUT OF YOU ▼▼ KICK ▼
91.4%
Peruse a novelREAD
90.5%
DearthLACK
89.3%
▼ ____S FOR FEARS ▼▼ TEAR ▼
89.1%
Toucan's schnozzBEAK
88.7%
Guitar virtuoso, Jeff ____BECK
86.3%
____ PrudenceDEAR
83.6%
Abel's slayerCAIN
82.3%
HINT 4-LETTER WORD % Correct
Tropical hardwoodTEAK
82.2%
▼ PRINCE'S PURPLE ____▼ RAIN ▼
79.3%
Drachma, shekel, or souCOIN
73.4%
Daniel Boone's cap skinCOON
72.8%
Barnyard penCOOP
70.5%
Alien circle type?CROP
68.5%
Armed incursionRAID
64.8%
Atlas Shrugged authorRAND
59.4%
RipREND
59.1%
▼ COMMON BOND ▼▼ DROP ▼
39.4%

Today's Daily Dose

Remove Ads.
Support Sporcle.
Get the best of Sporcle when you Go Orange. This ad-free experience offers more features, more stats, and more fun while also helping to support Sporcle. Thank you for becoming a member.

You're not logged in!

Compare scores with friends on all Sporcle quizzes.
OR
Log In

Show Comments

Extras

Top Quizzes Today


Score Distribution

Your Account Isn't Verified!

In order to create a playlist on Sporcle, you need to verify the email address you used during registration. Go to your Sporcle Settings to finish the process.

Report this User

Report this user for behavior that violates our Community Guidelines.

Details: